Beloved rongomala /

Bibliographic Details
Main Author: Akhatara, Śahina (Author)
Other Authors: Nadiya, Shabnam (Translator)
Format: Book
Language:English
Bengali
Published: India : Eka, 2022.
Subjects:
Classic Catalogue: View this record in Classic Catalogue
LEADER 01887nam a22004097i 4500
001 45431
003 BD-DhAAL
005 20260330124709.0
008 260330t20222018ii 000 1 eng
010 |a  2019347556 
020 |a 9789395073356 
025 |a B-E-2019347556; 11 
035 |a 21395603 
037 |b Library of Congress -- New Delhi Overseas Office 
040 |a DLC  |b eng  |e rda  |c DLC  |d DLC  |d BD-DhAAL 
041 1 |a eng  |h ben 
042 |a lcode 
050 0 0 |a MLCS 2020/50057 (P) 
082 |a 823.095492  |2 23 
100 1 |a Akhatara, Śahina,  |e author.  |9 60377 
240 1 0 |a Sakhī raṅgamālā.  |l English 
245 1 0 |a Beloved rongomala /  |c Shaheen Akhtar ; translated by Shabnam Nadiya. 
246 1 |i Title appear on title page:  |a The mistress, the queen and the king 
260 |a India :  |b Eka,  |c 2022. 
300 |a 282 pages ;  |c 21 cm 
500 |a Translation of: Sakhī raṅgamālā. 
526 |a ENH  |x Sabreena Ahmed, PhD Associate Professor Department of English and Humanities Course name and No. : The Modern World ''(HST 102)'' & Comparative Revaluations ''(HST 202)'' 
541 |a Book Finder International  |e 45431 
650 0 |a Bengali fiction  |y 21st century.   |9 53757 
650 0 |a Bangladeshi fiction (English). 
651 0 |a Bangladesh  |v Fiction. 
655 7 |a Novels. 
700 1 |a Nadiya, Shabnam,  |e translator.  |9 28401 
852 1 |a Ayesha Abed Library  |c General Stacks 
942 |2 ddc  |c BK 
999 |c 47744  |d 47744 
952 |0 0  |1 0  |2 ddc  |4 0  |6 823_095492000000000_AKH  |7 0  |9 78835  |a BRACUL  |b BRACUL  |c NEW  |d 2026-03-05  |e Book Finder International   |g 637.00  |l 2  |m 4  |o 823.095492 AKH  |p 3010045431  |q 2026-06-02  |r 2026-04-30  |s 2026-04-30  |t 1  |v 1274.00  |w 2026-03-05  |y BK  |x Requisitioned by Sabreena Ahmed, PhD (Assistant Professor, Department of English and Humanities, BRAC University) for the course named- The Modern World ''(HST 102)'' & Comparative Revaluations ''(HST 202)''